| 000 | 00000nam##2200000za#4500 |
| 001 | 9.699131 |
| 003 | CaOODSP |
| 005 | 20210625000237 |
| 007 | cr ||||||||||| |
| 008 | 150407|2003||||xxc|||||o f|0| 0 eng|d |
| 040 | |aCaOODSP|beng |
| 043 | |an-cn--- |
| 086 | 1 |aEn4-25/2003E-PDF |
| 110 | 1 |aCanada. |bEnvironment Canada. |bEnvironmental Conservation Branch. |
| 245 | 10|aOverview of the state of the St. Lawrence River - water, sediments, biological resources and uses : |h[electronic resource]|bmonitoring the state of the St. Lawrence River / |cprepared by Jean Painchaud, Direction du suivi de l'état de l'environnement, Ministère de l'Environnement du Québec, and Serge Villeneuve, Environmental Conservation Branch, Environment Canada. |
| 260 | |aSainte-Foy - Quebec : |bEnvironment Canada. |cc2003. |
| 300 | |a18p.|bcoloured map, graph, tables, photographs |
| 500 | |aThe catalogue number (En4-25/2003E) and ISBN (0-662-33472-8) for the print edition have been incorrectly copied in this electronic publication. |
| 590 | |a14-21-Supp|b2014-12-11 |
| 690 | 07|aEnvironmental management|2gcpds |
| 690 | 07|aWaterways|2gcpds |
| 775 | 08|tPortrait global de l'état du Saint-Laurent - l'eau, les sédiments, les ressources biologiques et les usages : |w(CaOODSP)9.643093 |
| 856 | 40|ahttp://publications.gc.ca|qPDF|s961 KB|uhttps://publications.gc.ca/collections/collection_2014/ec/En4-25-2003-eng.pdf |
| 986 | |aEnvirodoq: ENV/2003/007A |